Blau-Weiss-Rote Flaggen - Statistiken

Allgemein
  • Dieses Quiz wurde 30 mal gespielt
  • Das Durchschnittsergebnis liegt bei 31 aus 40
Antwortstatistiken
Bildquiz Antwort % Korrekt
Frankreich
100%
Island
100%
Kroatien
100%
Luxemburg
100%
Neuseeland
100%
Niederlande
100%
Norwegen
100%
Russland
100%
Serbien
100%
Slowakei
100%
Slowenien
100%
Tschechien
100%
Vereinigtes Königreich
100%
Australien
96%
Chile
96%
Nepal
96%
Nordkorea
96%
USA
96%
Panama
93%
Thailand
93%
Kambodscha
89%
Kuba
85%
Laos
85%
Malaysia
85%
Paraguay
85%
Liberia
81%
Costa Rica
78%
Haiti
78%
Dominikanische Republik
74%
Taiwan
74%
Fidschi
70%
Belize
63%
Samoa
59%
Puerto Rico
41%
Bermuda
22%
Cook Inseln
22%
Amerikanisch Samoa
19%
St Helena
4%
Färörer Inseln
0%
Kaiman Inseln
0%
Keine übereinstimmenden Quizze gefunden
Verteilung der Resultate
Anzahl Personen mit jedem Resultat
Perzentil nach korrekt beantworteten Fragen
Ihre Resultats-Entwicklung
Sie haben dieses Quiz noch nicht gespielt